|
|
|
|
| LEADER |
00000cam a2200000 7i4500 |
| 001 |
0000047998 |
| 005 |
20150603.0 |
| 008 |
150603 |
| 020 |
|
|
|a 8170944880
|
| 020 |
|
|
|a 9788170944881
|
| 090 |
0 |
0 |
|a 659.2
|b PAR
|
| 100 |
1 |
|
|a Parkinson, C. Northcote
|
| 245 |
1 |
0 |
|a Getting along better with people :
|b 127 secrets of successful human relations
|c C. Northcote Parkinson & M.K. Rustomji
|
| 260 |
|
|
|a New Delhi :
|b Vision Books ,
|c 2013
|
| 650 |
|
0 |
|a Public relations
|
| 999 |
|
|
|a 0001349325
|b Book
|c Adult Collection
|e Cawangan Taman Sri Lambak
|
| 999 |
|
|
|a 0001349326
|b Book
|c Adult Collection
|e Cawangan Tmn. Ungku Tun Aminah
|
| 999 |
|
|
|a 0001349327
|b Book
|c Adult Collection
|e Cawangan Sri Merlong
|
| 999 |
|
|
|a 0001349328
|b Book
|c Adult Collection
|e Cawangan Kota Tinggi
|
| 999 |
|
|
|a 0001349329
|b 35mm Slides
|c Adult Collection
|e Cawangan Batu Pahat
|
| 999 |
|
|
|a 0001349330
|b Book
|c Adult Collection
|e Cawangan Mersing
|
| 999 |
|
|
|a 0001349331
|b Book
|c Adult Collection
|e Cawangan Bandar Tenggara
|
| 999 |
|
|
|a 0001349332
|b Book
|c Adult Collection
|e Cawangan Segamat
|
| 999 |
|
|
|a 0001349333
|b Book
|c Adult Collection
|e Cawangan Bukit Gambir
|
| 999 |
|
|
|a 0001349334
|b Book
|c Adult Collection
|e Cawangan Tangkak
|
| 999 |
|
|
|a 0001349335
|b Book
|c Adult Collection
|e Cawangan Muar
|
| 999 |
|
|
|a 0001349336
|b Book
|c Adult Collection
|e Cawangan Bandar Penawar
|
| 999 |
|
|
|a 0001349337
|b Book
|c Adult Collection
|e Cawangan Pontian
|
| 999 |
|
|
|a 0001349478
|b Book
|c Adult Collection
|e Perbadanan Perpustakaan Awam Johor
|